Super Mega Baseball 4 Jacks Roster - Statistics

General Stats
  • This quiz has been taken 6 times
  • The average score is 12 of 22
Answer Stats
Position Rating Answer % Correct
LF B+ Jack Cracker
100%
3B A Juice Jackson
100%
SP B+ Donk Oh
75%
2B B+ Huffly Buffler
75%
RP A+ Immaculo Spectaculo
75%
CF B+ Razi Dazzler
75%
SS B- Rob Glover
75%
C B Tuff Lift
75%
3B B- Yoyo Yamamoto
75%
SP B- Alberto Roberto
50%
RF C Betty Sparks
50%
CP A- Chico Lapada
50%
1B B- Downtown Upton
50%
RP B+ Ellain Munstar
50%
LF B Log Freely
50%
SP C Barry Ozone
25%
CF B Batch Wilson
25%
SP C Bella Mietballe
25%
2B B- Bruno Adamo
25%
C B Clutch Cormen
25%
RP C- Kisha Musharra
25%
SP/RP B+ Stitch Gripowski
25%
No matching quizzes found
Score Distribution
Percent of People with Each Score
Percentile by Number Answered
Your Score History
You have not taken this quiz